America’s private forests : Status and stewardship /
An overview of America's private forests; The conservation toolbox and how to use it.
Guardat en:
| Autor principal: | |
|---|---|
| Altres autors: | |
| Format: | Llibre |
| Idioma: | English |
| Publicat: |
Washington, D.C. :
Island Press,
2001.
|
| Matèries: | |
| Etiquetes: |
Afegir etiqueta
Sense etiquetes, Sigues el primer a etiquetar aquest registre!
|
| Thư viện lưu trữ: | Mạng thư viện Đại học Đà Nẵng |
|---|
| LEADER | 01419nam a22003731a 4500 | ||
|---|---|---|---|
| 001 | 000037811 | ||
| 003 | 14106 | ||
| 005 | 20201207143422.0 | ||
| 008 | 160412s2001 000 | ||
| 020 | |a 1559639008 (cloth : alk. paper) | ||
| 020 | |a 1559639016 (paper : alk. paper) | ||
| 040 | |a Lnn |c Lnn |d Lnn | ||
| 041 | 0 | |a eng | |
| 082 | 0 | 0 | |a 333.75160973 |2 21 |b BE-C |
| 100 | 1 | |a Best, Constance. | |
| 245 | 1 | 0 | |a America’s private forests : |b Status and stewardship / |c Constance Best and Laurie A. Wayburn. |
| 260 | |a Washington, D.C. : |b Island Press, |c 2001. | ||
| 300 | |a xxx, 268, [2] p. : |b ill. ; |c 23 cm. | ||
| 504 | |a Includes bibliographical references (p. 245-254). | ||
| 520 | 3 | |a An overview of America's private forests; The conservation toolbox and how to use it. | |
| 650 | 0 | |a Private forests |z United States. | |
| 650 | 0 | |a Forest conservation |z United States. | |
| 650 | 0 | |a Forest management |z United States. | |
| 650 | 0 | |a Forest policy |z United States. | |
| 700 | 1 | |a Wayburn, Laurie A. | |
| OWN | |a LNN | ||
| 902 | |a TKA | ||
| AVA | |a UDN50 |b LNN |c English |e available |t Error 5001 Not defined in file expand_doc_bib_avail. |f 3 |g 0 |h N |i 0 |j AN | ||
| 999 | |a From the UDN01 | ||
| AVA | |a UDN50 |b LNN |c English |e available |t Error 5001 Not defined in file expand_doc_bib_avail. |f 3 |g 0 |h N |i 0 |j AN | ||
| TYP | |a Monograph | ||
| 980 | |a Mạng thư viện Đại học Đà Nẵng | ||


